000 00439nam a22001697a 4500
999 _c6020
_d6020
003 GBCCL
005 20241126110554.0
008 180420b ||||| |||| 00| 0 eng d
040 _cgbc
082 _a264.7
_bCAV
100 _aCavnar, Jim
_910854
245 _aParticipating in Prayer meetings /
_cJim Cavnar
260 _aMichigan:
_bWord of Life,
_c1974
300 _a61 p.;
_c17 cm.
650 _aPrayer meetings
_910855
942 _2ddc
_cBK